US States without Duplicate Letters - Statistics

General Stats
  • This quiz has been taken 95 times
  • The average score is 7 of 9
Answer Stats
State % Correct
Maine
90%
Texas
89%
Florida
88%
Utah
88%
Vermont
85%
Iowa
81%
Idaho
78%
Wyoming
76%
New York
69%
No matching quizzes found
Score Distribution
Percent of People with Each Score
Percentile by Number Answered
Your Score History
You have not taken this quiz